Engineering optimization : methods and applications

Kaydedildi:
Detaylı Bibliyografya
Yazar:  Ravindran, A
Materyal Türü: Sách
Dil:Undetermined
Baskı/Yayın Bilgisi:  John Wiley & Sons  2006
Konular:
Etiketler: Etiketle
Etiket eklenmemiş, İlk siz ekleyin!
Thư viện lưu trữ: Trung tâm Thư viện - Trường Đại học Công nghiệp TP. Hồ Chí Minh
LEADER 00506nam a2200157Ia 4500
001 UIH_04446
008 231011s9999 xx 000 0 und d
082 |a  620.0042 
100 |a  Ravindran, A 
245 0 |a  Engineering optimization : methods and applications 
245 0 |c  Ravindran, A 
260 |b  John Wiley & Sons 
260 |c  2006 
650 |a  Thiết kế kỹ thuật;  
927 |a Sách 
980 |a Trung tâm Thư viện - Trường Đại học Công nghiệp TP. Hồ Chí Minh